Wicked - Tous les personnages - Statistiques

Statistiques générales
  • Ce quiz a été pris 96 fois
  • Le résultat moyen est 7 sur 16
Statistiques - réponses
Par images Réponse % Correct
Elphaba
100%
Galinda / Glinda
99%
NessaRose
88%
Boq
82%
Fiyero
79%
Le magicien d'Oz
77%
Mme. Morrible
75%
Dr. Dillamond
34%
Le gouverneur Thropp
27%
Nanny Ours
21%
Mme. Thropp
16%
Chister
13%
Pfannee
10%
ShenShen
8%
Miss Coddle
3%
Professeur Nikidik
1%
Aucun quiz correspondant
Distribution des résultats
% des personnes avec chaque résultat
Percentile par nombre de réponses
Votre historique - résultats
Vous n’avez pas pris ce quiz